000 00733nam a22002297a 4500
003 UA-OsUOA
001 65084
007 ta
008 20091112b un ||||| |||| 00| 0 ukr d
090 _a932.2(477)
_bЧ-49
942 _cBK
040 _aUA-OsUOA
_bukr
_cUA-OsUOA
_dUA-OsUOA
245 _aЧернігів у Середньовічній та Ранньомодерній історії Центрально-Східної Європи
_bЗбірник наукових праць
300 _a672 с.
955 _a2
041 _aukr
080 _a932.2(477)
020 _a966-502-341-1
260 _aЧернігів
_c2007
650 7 _a9 Географія. Біографії. Історія
_2UDC
999 _c351200
_d351200